[Event "26. ChessOrg Schachfestival Sen."]
[Site "Bad Woerishofen"]
[Date "2010.03.10"]
[Round "5.3"]
[White "Zohr, Adelbert"]
[Black "Hund, Gerhard"]
[Result "0-1"]
[WhiteElo "1949"]
[BlackElo "2108"]
[PlyCount "126"]
[EventDate "2010.??.??"]
[SourceDate "2010.03.06"]

1. d4 d5 2. Nf3 Nf6 3. Bf4 b6 4. e3 Ba6 5. Bxa6 Nxa6 6. c4 Qc8 7. Qa4+ c6 8.
cxd5 Nxd5 9. Bg3 e6 10. O-O Qb7 11. Rc1 Rc8 12. Ne5 Nb8 13. Nd2 Be7 14. e4 Nf6
15. Nef3 b5 16. Qb3 O-O 17. Qe3 Nbd7 18. Nb3 Nh5 19. Rc2 Nxg3 20. hxg3 Qb6 21.
Rac1 Rc7 22. Nc5 Nxc5 23. dxc5 Qa5 24. a3 Rd8 25. b4 Qa6 26. Rc3 Qc8 27. Rd3
Rxd3 28. Qxd3 Rd7 29. Qb3 Qc7 30. Rd1 Bf6 31. e5 Be7 32. Nd4 Rd5 33. f4 Qd7 34.
Qe3 h6 35. Kf2 a5 36. Ke2 a4 37. g4 Bd8 38. g3 Kf8 39. Qe4 g6 40. Ke3 Kg7 41.
Rd3 Bc7 42. Nf3 f6 43. exf6+ Kxf6 44. Rxd5 exd5 45. Qd4+ Kf7 46. Qh8 Qe6+ 47.
Ne5+ Bxe5 48. fxe5 g5 49. Qh7+ Ke8 50. Qf5 Qxf5 51. gxf5 h5 52. Kf3 d4 53. Ke4
h4 54. gxh4 gxh4 55. e6 h3 56. Ke5 h2 57. Kxd4 h1=Q 58. Ke5 Qd5+ 59. Kf6 Qd4+
60. Kg6 Ke7 61. Kg5 Qg1+ 62. Kf4 Kf6 63. Ke4 Qg4+ 0-1

[Event "26. ChessOrg Schachfestival Sen."]
[Site "Bad Woerishofen"]
[Date "2010.03.11"]
[Round "6.28"]
[White "Biberger, Hans"]
[Black "Schumacher, Horst"]
[Result "1-0"]
[WhiteElo "1997"]
[BlackElo "1864"]
[PlyCount "117"]
[EventDate "2010.??.??"]
[SourceDate "2010.03.06"]

1. d4 d5 2. e4 dxe4 3. Nc3 e5 4. d5 c6 5. Bc4 Bb4 6. Nge2 Bg4 7. Bd2 f5 8. a3
Bxc3 9. Bxc3 Qd6 10. Bb4 c5 11. Bc3 Nf6 12. Qd2 Nbd7 13. Rd1 f4 14. h3 Bh5 15.
O-O e3 16. fxe3 Ne4 17. Qe1 Ndf6 18. exf4 exf4 19. Bxf6 gxf6 20. Rxf4 Qe5 21.
Qh4 Bg6 22. d6 Nxd6 23. Bd5 Nf5 24. Qf2 Ne3 25. Re1 Nxc2 26. Rc1 Qxd5 27. Nc3
Qe5 28. Rxf6 O-O-O 29. Na4 Qd4 30. Nxc5 Qxf2+ 31. Kxf2 Rhf8 32. Rxf8 Rxf8+ 33.
Kg3 b6 34. Ne6 Rf7 35. h4 Re7 36. Nd4 Rc7 37. Nb5 Rc5 38. Nc3 Rc4 39. Rf1 Ne3
40. Rf8+ Kb7 41. Kh3 Rc8 42. Rf4 Rg8 43. g4 h5 44. g5 Re8 45. Rf6 Bf5+ 46. Kg3
Re6 47. Rf7+ Ka6 48. Kf4 Bg6 49. Rg7 Nc4 50. Nd5 Re4+ 51. Kg3 Rg4+ 52. Kf2 b5
53. Rxg6+ Ka5 54. b4+ Ka4 55. Ra6+ Kb3 56. Rxa7 Rxh4 57. g6 Rg4 58. g7 Nd6 59.
Nf6 1-0

[Event "26. ChessOrg Schachfestival Sen."]
[Site "Bad Woerishofen"]
[Date "2010.03.11"]
[Round "6.23"]
[White "Blutharsch, Walter"]
[Black "Spurga, Josef"]
[Result "0-1"]
[WhiteElo "1498"]
[BlackElo "2011"]
[PlyCount "76"]
[EventDate "2010.??.??"]
[SourceDate "2010.03.06"]

1. e4 c5 2. Nf3 Nc6 3. d4 cxd4 4. Nxd4 Nf6 5. Nc3 d6 6. Be2 a6 7. Be3 e6 8. O-O
Be7 9. f4 Qc7 10. Nb3 b5 11. Bf3 Bb7 12. a3 Nd7 13. Rc1 Nb6 14. Nd2 Bf6 15. e5
dxe5 16. Nce4 Be7 17. fxe5 Nxe5 18. Bf4 Nd5 19. Bxe5 Qxe5 20. Re1 Qd4+ 21. Kh1
O-O 22. c3 Qb6 23. c4 Nf4 24. c5 Qc7 25. Qc2 Bc6 26. b4 Rfd8 27. Re3 Rd4 28.
Qc3 Rd7 29. Qc2 Rad8 30. Nd6 Bxf3 31. Rxf3 Bxd6 32. c6 Re7 33. Ne4 Ng6 34. h4
Nxh4 35. Rd3 Ree8 36. Qd1 Ng6 37. Rh3 Be5 38. Qh5 h6 0-1

[Event "26. ChessOrg Schachfestival Sen."]
[Site "Bad Woerishofen"]
[Date "2010.03.11"]
[Round "6.6"]
[White "Dahlhaus, Friedhelm"]
[Black "Lubberich, Alfred Dr"]
[Result "1-0"]
[WhiteElo "2155"]
[BlackElo "1901"]
[PlyCount "27"]
[EventDate "2010.??.??"]
[SourceDate "2010.03.06"]

1. e4 c5 2. Nf3 e6 3. d4 cxd4 4. Nxd4 Nf6 5. Nc3 Nc6 6. Nxc6 bxc6 7. e5 Nd5 8.
Ne4 Qc7 9. f4 Bb7 10. c4 Bb4+ 11. Ke2 Ba6 12. Kf3 Nb6 13. c5 Nc4 14. Bxc4 1-0

[Event "26. ChessOrg Schachfestival Sen."]
[Site "Bad Woerishofen"]
[Date "2010.03.11"]
[Round "6.29"]
[White "Fleckner, Hans"]
[Black "Reimann, Guenther"]
[Result "0-1"]
[WhiteElo "1944"]
[BlackElo "1997"]
[PlyCount "50"]
[EventDate "2010.??.??"]
[SourceDate "2010.03.06"]

1. e4 e6 2. d4 d5 3. Nd2 Nf6 4. e5 Nfd7 5. Bd3 c5 6. c3 Nc6 7. Ne2 Qb6 8. Nf3
cxd4 9. cxd4 Bb4+ 10. Kf1 f6 11. exf6 Nxf6 12. g3 O-O 13. Kg2 Bd6 14. Nc3 Kh8
15. Nb5 Bb8 16. Nc3 e5 17. dxe5 Bxe5 18. Be2 Ne4 19. Be3 d4 20. Nxe5 Nxc3 21.
bxc3 dxe3 22. f4 Nxe5 23. fxe5 Rf2+ 24. Kg1 Bh3 25. Qd3 Qc6 0-1

[Event "26. ChessOrg Schachfestival Sen."]
[Site "Bad Woerishofen"]
[Date "2010.03.11"]
[Round "6.7"]
[White "Groenegress, Wilfried"]
[Black "Schumacher, Helmut"]
[Result "1/2-1/2"]
[WhiteElo "2185"]
[BlackElo "2076"]
[PlyCount "32"]
[EventDate "2010.??.??"]
[SourceDate "2010.03.06"]

1. e4 e6 2. d4 d5 3. e5 b6 4. c3 Qd7 5. Nf3 Ne7 6. Bd3 Ba6 7. Bxa6 Nxa6 8. Qe2
Nb8 9. O-O Ng6 10. h4 h6 11. h5 Ne7 12. Be3 Nbc6 13. Nbd2 Nf5 14. Rac1 Nce7 15.
b3 Nxe3 16. Qxe3 Nf5 1/2-1/2

[Event "26. ChessOrg Schachfestival Sen."]
[Site "Bad Woerishofen"]
[Date "2010.03.11"]
[Round "6.14"]
[White "Hansch, Klaus-Michael"]
[Black "Schmidt, Wolfgang"]
[Result "0-1"]
[WhiteElo "1942"]
[BlackElo "2070"]
[PlyCount "44"]
[EventDate "2010.??.??"]
[SourceDate "2010.03.06"]

1. d4 g6 2. Nc3 Bg7 3. Bg5 d6 4. e4 c6 5. Nge2 Nd7 6. g3 Qa5 7. Bd2 Qb6 8. Bc1
Ngf6 9. Bg2 O-O 10. O-O e5 11. Rb1 Re8 12. h3 exd4 13. Qxd4 Qxd4 14. Nxd4 Nc5
15. Be3 Nfxe4 16. Nxe4 Nxe4 17. c3 Nxg3 18. Rfd1 Nf5 19. Nxc6 Nxe3 20. Re1 Bf5
21. Rbc1 Nxg2 22. Ne7+ Kf8 0-1

[Event "26. ChessOrg Schachfestival Sen."]
[Site "Bad Woerishofen"]
[Date "2010.03.11"]
[Round "6.2"]
[White "Lange, Manfred Dr"]
[Black "Walther, Diethelm"]
[Result "1/2-1/2"]
[WhiteElo "2095"]
[BlackElo "2147"]
[PlyCount "28"]
[EventDate "2010.??.??"]
[SourceDate "2010.03.06"]

1. e4 c5 2. Nf3 Nc6 3. d4 cxd4 4. Nxd4 g6 5. c4 Bg7 6. Be3 Nf6 7. Nc3 d6 8. Be2
a6 9. O-O O-O 10. Rc1 Bd7 11. Qd2 Rc8 12. b3 Qa5 13. f3 Rfd8 14. Rfd1 Ne8
1/2-1/2

[Event "26. ChessOrg Schachfestival Sen."]
[Site "Bad Woerishofen"]
[Date "2010.03.11"]
[Round "6.17"]
[White "Lorenz, Dietmar"]
[Black "Loechner, Friedrich"]
[Result "1-0"]
[WhiteElo "2077"]
[BlackElo "1944"]
[PlyCount "47"]
[EventDate "2010.??.??"]
[SourceDate "2010.03.06"]

1. Nf3 Nf6 2. c4 c5 3. g3 d6 4. Bg2 e5 5. O-O g6 6. e3 Bg7 7. d4 Qc7 8. b3 O-O
9. Bb2 Nbd7 10. Nc3 Re8 11. Nb5 Qb8 12. dxc5 dxc5 13. Nd6 Re6 14. Nxc8 Qxc8 15.
Bh3 e4 16. Bxe6 exf3 17. Bxf6 fxe6 18. Bxg7 Kxg7 19. Qxf3 Ne5 20. Qe4 Nc6 21.
Rad1 Qe8 22. Rd6 e5 23. Rfd1 Kh6 24. Qh4+ 1-0

[Event "26. ChessOrg Schachfestival Sen."]
[Site "Bad Woerishofen"]
[Date "2010.03.11"]
[Round "6.3"]
[White "Straub, Peter"]
[Black "Goy, Udo"]
[Result "1/2-1/2"]
[WhiteElo "2101"]
[BlackElo "2238"]
[PlyCount "98"]
[EventDate "2010.??.??"]
[SourceDate "2010.03.06"]

1. d4 d6 2. c4 e5 3. Nf3 e4 4. Ng5 Nf6 5. Nc3 Bf5 6. f3 exf3 7. Nxf3 Be7 8. e3
O-O 9. Bd3 Bxd3 10. Qxd3 Nc6 11. e4 Nb4 12. Qd1 c5 13. d5 Ng4 14. a3 Na6 15.
Qc2 Bf6 16. O-O Re8 17. h3 Ne5 18. Nxe5 Bxe5 19. Bf4 Nc7 20. Bxe5 Rxe5 21. Qf2
Qe7 22. b4 cxb4 23. axb4 b6 24. Ra2 Ne8 25. Ra6 Rc8 26. Nb5 Nf6 27. Rxa7 Qd8
28. Nd4 Rxe4 29. Nc6 Qe8 30. Qxb6 Ra8 31. Rxa8 Qxa8 32. Na5 Qf8 33. Qc6 h6 34.
b5 Qe7 35. b6 Re1 36. Qc8+ Ne8 37. Qf5 Qe3+ 38. Qf2 Rxf1+ 39. Kxf1 Qc1+ 40. Qe1
Qf4+ 41. Kg1 Nf6 42. b7 Nd7 43. Nc6 Qxc4 44. Qe8+ Kh7 45. Qxf7 Nf6 46. Qxf6
gxf6 47. b8=Q Qc1+ 48. Kf2 Qd2+ 49. Kg1 Qc1+ 1/2-1/2

[Event "26. ChessOrg Schachfestival Sen."]
[Site "Bad Woerishofen"]
[Date "2010.03.11"]
[Round "6.5"]
[White "Szenetra, Werner"]
[Black "Mann, Klaus-Dieter"]
[Result "1/2-1/2"]
[WhiteElo "2201"]
[BlackElo "2088"]
[PlyCount "104"]
[EventDate "2010.??.??"]
[SourceDate "2010.03.06"]

1. Nf3 Nf6 2. g3 g6 3. d3 d6 4. Bg2 Bg7 5. O-O O-O 6. e4 e5 7. Nbd2 c5 8. c3 h6
9. d4 Nc6 10. dxc5 dxc5 11. Qe2 Qc7 12. a4 b6 13. Re1 Be6 14. Nc4 Bxc4 15. Qxc4
Na5 16. Qe2 c4 17. Qc2 Rfd8 18. Be3 Ng4 19. Bd2 Nb3 20. Rad1 Rd3 21. h3 Nf6 22.
Re3 Rad8 23. Rxd3 Rxd3 24. Ne1 Rd7 25. Be3 Bf8 26. Rxd7 Qxd7 27. Nf3 Qc7 28.
Nd2 Na5 29. Nf3 Kh7 30. g4 g5 31. Qe2 Ne8 32. Nd2 f6 33. Qf3 Kg7 34. h4 Nd6 35.
hxg5 hxg5 36. Qh3 Qf7 37. Nf1 Be7 38. Ng3 Bf8 39. Bf3 Kg8 40. Nf5 Qh7 41. Qf1
Qd7 42. Qd1 Qc6 43. Kg2 Nb3 44. Qh1 Qe8 45. Be2 Na5 46. Qd1 Qc6 47. f3 Nxf5 48.
gxf5 Be7 49. Qh1 Qe8 50. Qd1 Qc6 51. Kg3 Kf8 52. Kg4 Kg7 1/2-1/2

[Event "26. ChessOrg Schachfestival Sen."]
[Site "Bad Woerishofen"]
[Date "2010.03.12"]
[Round "7.10"]
[White "Federer, Hans-Joachim"]
[Black "Straub, Peter"]
[Result "0-1"]
[WhiteElo "2024"]
[BlackElo "2101"]
[PlyCount "82"]
[EventDate "2010.??.??"]
[SourceDate "2010.03.06"]

1. e4 c5 2. d3 e6 3. g3 d5 4. Nd2 Nf6 5. Bg2 Nc6 6. Ngf3 Be7 7. O-O O-O 8. c3
b5 9. Re1 Qb6 10. a4 b4 11. c4 dxe4 12. dxe4 e5 13. Nf1 Be6 14. b3 Rfd8 15. Qc2
Nd4 16. Nxd4 cxd4 17. a5 Qc5 18. Qd3 Nd7 19. f4 f6 20. f5 Bf7 21. Kh1 Qc6 22.
Qf3 Nc5 23. Bd2 Qb7 24. g4 Rd6 25. Ng3 Rc8 26. h4 Ra6 27. g5 Kf8 28. Bh3 Rb8
29. Reb1 Qd7 30. Bg2 Qd8 31. Qg4 Rxa5 32. Rxa5 Qxa5 33. g6 hxg6 34. fxg6 Bg8
35. Rf1 Nxb3 36. Bh6 Bxc4 37. Bxg7+ Ke8 38. Bh3 Nc5 39. Rc1 Be6 40. Nf5 Nxe4
41. Qh5 Qa3 0-1

[Event "26. ChessOrg Schachfestival Sen."]
[Site "Bad Woerishofen"]
[Date "2010.03.12"]
[Round "7.3"]
[White "Hansen, Hans"]
[Black "Mittermaier, Walter"]
[Result "1-0"]
[WhiteElo "2065"]
[BlackElo "2122"]
[PlyCount "48"]
[EventDate "2010.??.??"]
[SourceDate "2010.03.06"]

1. e4 e5 2. Nf3 Nc6 3. Bb5 a6 4. Ba4 Nf6 5. O-O Nxe4 6. d4 b5 7. Bb3 d5 8. dxe5
Be6 9. Nbd2 Nc5 10. c3 Be7 11. Bc2 Bg4 12. Re1 d4 13. cxd4 Nxd4 14. Re3 Nxc2
15. Qxc2 Qd7 16. b4 Bf5 17. Qc3 Na4 18. e6 Bxe6 19. Qxg7 O-O-O 20. Ba3 Rhg8 21.
Qe5 Rg4 22. Ne4 Qd5 23. Rc1 Qxe5 24. Nxe5 Bg5 1-0

[Event "26. ChessOrg Schachfestival Sen."]
[Site "Bad Woerishofen"]
[Date "2010.03.12"]
[Round "7.2"]
[White "Neese, Hans-Joachim"]
[Black "Schmid, Hartmut"]
[Result "1/2-1/2"]
[WhiteElo "2246"]
[BlackElo "2162"]
[PlyCount "85"]
[EventDate "2010.??.??"]
[SourceDate "2010.03.06"]

1. d4 f5 2. c4 Nf6 3. Nc3 g6 4. g3 Bg7 5. Bg2 O-O 6. Nf3 d6 7. O-O c6 8. b3 Qe8
9. Ba3 Na6 10. Qd3 Bd7 11. Rad1 Nc7 12. Nd2 Rd8 13. e4 Bc8 14. f4 fxe4 15.
Ndxe4 Nxe4 16. Bxe4 Bg4 17. Rd2 Qd7 18. Bb2 Ne6 19. Ne2 d5 20. cxd5 cxd5 21.
Bg2 Bf5 22. Qe3 Qd6 23. h3 h5 24. Kh2 b5 25. Nc3 Nc7 26. Rc1 Bh6 27. h4 Bg7 28.
Ne2 Rf6 29. Qe5 Rd7 30. Qxd6 Rfxd6 31. Ng1 b4 32. Bf1 Ne6 33. Nf3 Bh6 34. Kg2
Rc7 35. Rxc7 Nxc7 36. Ne5 Bg7 37. Nd3 Rb6 38. Nc5 Kf7 39. Nd3 a5 40. Ne5+ Bxe5
41. dxe5 e6 42. Rd1 Rc6 43. Rc1 1/2-1/2

[Event "26. ChessOrg Schachfestival Sen."]
[Site "Bad Woerishofen"]
[Date "2010.03.12"]
[Round "7.6"]
[White "Neumann, Erwin"]
[Black "Birkestrand, Odd"]
[Result "1/2-1/2"]
[WhiteElo "1999"]
[BlackElo "1923"]
[PlyCount "58"]
[EventDate "2010.??.??"]
[SourceDate "2010.03.06"]

1. e4 e5 2. Nf3 Nc6 3. d4 exd4 4. Nxd4 Qh4 5. Nc3 Bb4 6. Be2 Bxc3+ 7. bxc3 Qxe4
8. O-O Nge7 9. Nb5 Kd8 10. Re1 a6 11. Nd4 Nxd4 12. cxd4 d5 13. Ba3 Nc6 14. Bf3
Qf5 15. Qe2 Be6 16. Rad1 b5 17. Qd2 h5 18. Qc3 Kd7 19. Qc5 g5 20. Rd3 Rab8 21.
Rc3 Rb6 22. Re5 Qf4 23. Bxd5 Bxd5 24. Qxd5+ Kc8 25. Rxc6 Rd8 26. Rxc7+ Kxc7 27.
Re7+ Kc8 28. Qa8+ Qb8 29. Qe4 Qf4 1/2-1/2

[Event "26. ChessOrg Schachfestival Sen."]
[Site "Bad Woerishofen"]
[Date "2010.03.12"]
[Round "7.11"]
[White "Schirmer, Werner"]
[Black "Krotofil, Kurt"]
[Result "1-0"]
[WhiteElo "2091"]
[BlackElo "2030"]
[PlyCount "85"]
[EventDate "2010.??.??"]
[SourceDate "2010.03.06"]

1. e4 c5 2. Nf3 Nc6 3. d4 cxd4 4. Nxd4 Nf6 5. Nc3 e5 6. Ndb5 d6 7. Bg5 a6 8.
Na3 b5 9. Nd5 Be7 10. Bxf6 Bxf6 11. c3 Bg5 12. Nc2 O-O 13. a4 bxa4 14. Rxa4 Ne7
15. Bc4 Bb7 16. O-O Nxd5 17. Bxd5 Bxd5 18. Qxd5 Qd7 19. Rfa1 Rab8 20. Nb4 Rb5
21. Qd3 a5 22. Rxa5 Rxa5 23. Rxa5 Qc7 24. Ra1 Qb6 25. Qe2 g6 26. Nd5 Qb3 27.
Ra3 Qb7 28. b4 f5 29. Qc4 fxe4 30. Qxe4 Kg7 31. f3 Rf7 32. c4 Bc1 33. Ra2 Qb8
34. b5 Ra7 35. Rxa7+ Qxa7+ 36. b6 Qa1 37. Kf2 Qb2+ 38. Kg3 h5 39. Qh4 g5 40.
Qxh5 Bf4+ 41. Kh3 Qb3 42. Qg4 Qxc4 43. Qd7+ 1-0

[Event "26. ChessOrg Schachfestival Sen."]
[Site "Bad Woerishofen"]
[Date "2010.03.12"]
[Round "7.8"]
[White "Schmidt, Wolfgang"]
[Black "Groenegress, Wilfried"]
[Result "1-0"]
[WhiteElo "2070"]
[BlackElo "2185"]
[PlyCount "37"]
[EventDate "2010.??.??"]
[SourceDate "2010.03.06"]

1. e4 c5 2. Nf3 e6 3. Nc3 a6 4. d4 cxd4 5. Nxd4 d6 6. Bc4 Nf6 7. Bb3 Be7 8. Qe2
Qc7 9. Be3 Nc6 10. O-O-O O-O 11. Rhg1 b5 12. g4 Nxd4 13. Bxd4 Bb7 14. g5 Nd7
15. Qh5 g6 16. Qh6 e5 17. Rd3 exd4 18. Rh3 Bxg5+ 19. Rxg5 1-0

[Event "26. ChessOrg Schachfestival Sen."]
[Site "Bad Woerishofen"]
[Date "2010.03.12"]
[Round "7.1"]
[White "Walther, Diethelm"]
[Black "Hund, Gerhard"]
[Result "1/2-1/2"]
[WhiteElo "2147"]
[BlackElo "2108"]
[PlyCount "105"]
[EventDate "2010.??.??"]
[SourceDate "2010.03.06"]

1. d4 d5 2. Nf3 Nf6 3. Bf4 c6 4. e3 Qb6 5. b3 Bg4 6. Be2 e6 7. O-O Nbd7 8. c4
Ne4 9. h3 Bxf3 10. gxf3 Nef6 11. c5 Qd8 12. b4 g6 13. a4 Nh5 14. Bg3 Nxg3 15.
fxg3 e5 16. Ra3 Bg7 17. dxe5 Qg5 18. Kg2 Qxe5 19. f4 Qe4+ 20. Bf3 Qxb4 21. Rb3
Qxc5 22. Rxb7 Rd8 23. Qd2 O-O 24. Rc1 Qd6 25. e4 Nb6 26. e5 Qe6 27. Bg4 f5 28.
exf6 Qxf6 29. Rxa7 Nc4 30. Qc3 Rfe8 31. Qxf6 Bxf6 32. Rc7 Bb2 33. Rxc4 dxc4 34.
Rxc6 c3 35. Nxc3 Rd2+ 36. Ne2 Rdxe2+ 37. Bxe2 Rxe2+ 38. Kf3 Re7 39. a5 Bd4 40.
g4 Kf7 41. h4 Re3+ 42. Kg2 Rc3 43. Rxc3 Bxc3 44. a6 Bd4 45. Kf3 h6 46. Ke4 Ba7
47. h5 gxh5 48. gxh5 Kf6 49. Kf3 Bb8 50. Kg2 Kf5 51. Kf3 Ba7 52. Kg2 Kg4 53. f5
1/2-1/2

[Event "26. ChessOrg Schachfestival Sen."]
[Site "Bad Woerishofen"]
[Date "2010.03.13"]
[Round "8.55"]
[White "Bartl, Birgit"]
[Black "Thonig, Manfred"]
[Result "0-1"]
[WhiteElo "1553"]
[BlackElo "1618"]
[PlyCount "44"]
[EventDate "2010.??.??"]
[SourceDate "2010.03.06"]

1. e4 e5 2. Bc4 Nf6 3. d3 Bc5 4. Be3 Bxe3 5. fxe3 d5 6. exd5 Ng4 7. Qf3 Qh4+ 8.
g3 Qh6 9. Qe2 Nxe3 10. Nf3 Bg4 11. Bb3 O-O 12. Nbd2 Nd7 13. Nc4 Nxd5 14. Qe4
Bxf3 15. Qxf3 c6 16. O-O Rad8 17. Rae1 Rde8 18. Nd6 Qxd6 19. Kg2 Re6 20. c4 Rf6
21. Qg4 Rxf1 22. Rxf1 Ne3+ 0-1

[Event "26. ChessOrg Schachfestival Sen."]
[Site "Bad Woerishofen"]
[Date "2010.03.13"]
[Round "8.35"]
[White "Collins, Alan"]
[Black "Diete, Guenter"]
[Result "0-1"]
[WhiteElo "1871"]
[BlackElo "1957"]
[PlyCount "42"]
[EventDate "2010.??.??"]
[SourceDate "2010.03.06"]

1. d4 Nf6 2. Nf3 g6 3. Nc3 d6 4. e4 Bg7 5. Be2 O-O 6. Bf4 b6 7. Qd2 Bb7 8. e5
dxe5 9. dxe5 Qxd2+ 10. Nxd2 Nfd7 11. Bf3 c6 12. e6 fxe6 13. Bxb8 Raxb8 14. O-O
Ne5 15. Be4 Rbd8 16. Rad1 Ba6 17. Rfe1 Rd6 18. g3 Rfd8 19. Nf1 Nc4 20. Bxc6
Bxc3 21. bxc3 Rxd1 0-1

[Event "26. ChessOrg Schachfestival Sen."]
[Site "Bad Woerishofen"]
[Date "2010.03.13"]
[Round "8.16"]
[White "Dahlhaus, Friedhelm"]
[Black "Moeckel, Edgar Dr"]
[Result "1-0"]
[WhiteElo "2155"]
[BlackElo "1952"]
[PlyCount "63"]
[EventDate "2010.??.??"]
[SourceDate "2010.03.06"]

1. e4 c6 2. d4 d5 3. exd5 cxd5 4. c4 Nf6 5. Nc3 e6 6. Nf3 Bb4 7. cxd5 exd5 8.
Ne5 O-O 9. Bd3 Nc6 10. O-O Bxc3 11. bxc3 Re8 12. Re1 h6 13. Bd2 Be6 14. Rb1 Qc7
15. Qf3 Nxe5 16. dxe5 Nh7 17. Qg3 Kh8 18. f4 Rad8 19. f5 Bc8 20. Rb4 Qc5+ 21.
Qf2 Qxf2+ 22. Kxf2 Nf8 23. Rd4 a6 24. g4 b5 25. h4 Bb7 26. g5 hxg5 27. hxg5 Nd7
28. Rh4+ Kg8 29. Reh1 f6 30. e6 Kf8 31. exd7 Rxd7 32. Rh8+ 1-0

[Event "26. ChessOrg Schachfestival Sen."]
[Site "Bad Woerishofen"]
[Date "2010.03.13"]
[Round "8.3"]
[White "Dziura, Dieter"]
[Black "Birkestrand, Odd"]
[Result "1/2-1/2"]
[WhiteElo "2007"]
[BlackElo "1923"]
[PlyCount "30"]
[EventDate "2010.??.??"]
[SourceDate "2010.03.06"]

1. Nf3 Nf6 2. c4 e6 3. g3 b6 4. Bg2 Bb7 5. O-O Be7 6. e3 O-O 7. b3 c5 8. Nc3
Na6 9. Bb2 Ne8 10. d4 cxd4 11. Nb5 Nac7 12. Nbxd4 Rb8 13. Qc2 Bc5 14. Rad1 Qe7
15. e4 Rd8 1/2-1/2

[Event "26. ChessOrg Schachfestival Sen."]
[Site "Bad Woerishofen"]
[Date "2010.03.13"]
[Round "8.14"]
[White "Groenegress, Wilfried"]
[Black "Kearsley, Raymond"]
[Result "0-1"]
[WhiteElo "2185"]
[BlackElo "1827"]
[PlyCount "40"]
[EventDate "2010.??.??"]
[SourceDate "2010.03.06"]

1. e4 c5 2. Nc3 Nc6 3. Bb5 Nd4 4. Bc4 g6 5. Nge2 Bg7 6. Nxd4 Bxd4 7. Qf3 e6 8.
O-O Ne7 9. d3 Nc6 10. Bf4 O-O 11. Bd6 Re8 12. Nb5 Be5 13. Bxc5 d6 14. Ba3 a6
15. Nc3 Nd4 16. Qd1 b5 17. Bb3 a5 18. Ne2 Nxe2+ 19. Qxe2 b4 20. Ba4 Re7 0-1

[Event "26. ChessOrg Schachfestival Sen."]
[Site "Bad Woerishofen"]
[Date "2010.03.13"]
[Round "8.12"]
[White "Hoennekes, Klaus"]
[Black "Minz, Michail"]
[Result "1/2-1/2"]
[WhiteElo "2091"]
[BlackElo "2102"]
[PlyCount "53"]
[EventDate "2010.??.??"]
[SourceDate "2010.03.06"]

1. e4 e6 2. d4 d5 3. Nc3 Nf6 4. exd5 exd5 5. Nf3 c6 6. Bd3 Bg4 7. O-O Be7 8. h3
Bh5 9. g4 Bg6 10. Ne5 Bxd3 11. Qxd3 O-O 12. Bf4 Nbd7 13. Rae1 Bb4 14. f3 Re8
15. a3 Ba5 16. b4 Bb6 17. Kg2 Nf8 18. Qd2 N6d7 19. Nxd7 Qxd7 20. Na4 Ne6 21.
Be3 Bc7 22. Nc5 Qd6 23. f4 Nxc5 24. bxc5 Qd7 25. f5 f6 26. Bf4 Bxf4 27. Qxf4
1/2-1/2

[Event "26. ChessOrg Schachfestival Sen."]
[Site "Bad Woerishofen"]
[Date "2010.03.13"]
[Round "8.2"]
[White "Hommann, Horst"]
[Black "Neumann, Erwin"]
[Result "1/2-1/2"]
[WhiteElo "1892"]
[BlackElo "1999"]
[PlyCount "22"]
[EventDate "2010.??.??"]
[SourceDate "2010.03.06"]

1. Nf3 Nf6 2. c4 e6 3. g3 b6 4. d4 Bb7 5. Bg2 Be7 6. Nc3 O-O 7. Qc2 d6 8. O-O
Nbd7 9. Bg5 c5 10. e4 Ng4 11. Bxe7 Qxe7 1/2-1/2

[Event "26. ChessOrg Schachfestival Sen."]
[Site "Bad Woerishofen"]
[Date "2010.03.13"]
[Round "8.25"]
[White "Hund, Gerhard"]
[Black "Jagdhuber, Hans"]
[Result "0-1"]
[WhiteElo "2108"]
[BlackElo "2012"]
[PlyCount "131"]
[EventDate "2010.??.??"]
[SourceDate "2010.03.06"]

1. Nf3 Nf6 2. d4 d5 3. Bf4 e6 4. e3 Bd6 5. Nbd2 Bxf4 6. exf4 O-O 7. c3 b6 8.
Ne5 c5 9. Bd3 Ba6 10. Bc2 cxd4 11. cxd4 Qd6 12. a3 Nc6 13. Nxc6 Qxc6 14. Nf3
Rac8 15. Rc1 Qb5 16. Rb1 Ne4 17. Ba4 Qc4 18. Ne5 Qc7 19. f3 Nd6 20. Kf2 b5 21.
Bb3 f6 22. Nd3 Nf5 23. Re1 Qb6 24. Kg1 Nxd4 25. Kh1 Nxb3 26. Qxb3 Rc4 27. f5 e5
28. Nb4 Bb7 29. Rbd1 Rd8 30. Rd2 a5 31. Nc2 d4 32. a4 Bd5 33. Qxb5 Qxb5 34.
axb5 Rdc8 35. Na3 Rb4 36. Kg1 Kf8 37. Kf2 Ke7 38. g3 Kd6 39. Ree2 Rb3 40. Rc2
Rd8 41. Nc4+ Ke7 42. Nd2 Rxb5 43. Rc7+ Kf8 44. Ne4 Rb3 45. Rec2 Bxe4 46. fxe4
Rdb8 47. Rc8+ Rxc8 48. Rxc8+ Ke7 49. Rc7+ Kd6 50. Rxg7 Rxb2+ 51. Ke1 Rxh2 52.
Rf7 a4 53. Rxf6+ Kc5 54. Ra6 Kb4 55. f6 Rc2 56. Rb6+ Ka5 57. Re6 a3 58. Rxe5+
Kb4 59. Re7 a2 60. Rb7+ Kc5 61. Rc7+ Kd6 62. Rxc2 a1=Q+ 63. Ke2 Qa6+ 64. Kf2
Ke5 65. Kg2 Qxf6 66. Rf2 0-1

[Event "26. ChessOrg Schachfestival Sen."]
[Site "Bad Woerishofen"]
[Date "2010.03.13"]
[Round "8.26"]
[White "Mueller, Manfred"]
[Black "Walther, Diethelm"]
[Result "1/2-1/2"]
[WhiteElo "2030"]
[BlackElo "2147"]
[PlyCount "32"]
[EventDate "2010.??.??"]
[SourceDate "2010.03.06"]

1. e4 Nf6 2. e5 Nd5 3. d4 d6 4. Nf3 Bg4 5. Be2 e6 6. O-O Nc6 7. exd6 cxd6 8. c3
Be7 9. Nbd2 Nf4 10. h3 Nxe2+ 11. Qxe2 Bh5 12. Ne4 Bxf3 13. Qxf3 d5 14. Ng3 O-O
15. Qg4 Kh8 16. f4 g6 1/2-1/2

[Event "26. ChessOrg Schachfestival Sen."]
[Site "Bad Woerishofen"]
[Date "2010.03.13"]
[Round "8.22"]
[White "Richter, Gerhard Dr"]
[Black "Budt, Karl-Heinz"]
[Result "0-1"]
[WhiteElo "1940"]
[BlackElo "2157"]
[PlyCount "78"]
[EventDate "2010.??.??"]
[SourceDate "2010.03.06"]

1. e4 c5 2. Nf3 e6 3. d3 d5 4. Nbd2 Nc6 5. g3 Nf6 6. Bg2 Be7 7. O-O O-O 8. Re1
a5 9. e5 Ne8 10. h4 f5 11. exf6 Bxf6 12. Nf1 Nd6 13. Qe2 Nf7 14. N1h2 e5 15. c3
Re8 16. Bd2 b6 17. Kh1 Ba6 18. c4 e4 19. Ng5 Bxg5 20. hxg5 Nd4 21. Qd1 Ne5 22.
dxe4 Nd3 23. Rf1 Nxb2 24. Qh5 Nxc4 25. Bc3 dxe4 26. g6 hxg6 27. Qxg6 Qd6 28.
Bxe4 Qxg6 29. Bxg6 Bb7+ 30. f3 Re6 31. Bd3 Ne5 32. Be4 Bxe4 33. fxe4 Ne2 34.
Be1 Rd8 35. Kg2 Nd3 36. Kf3 Nd4+ 37. Kg2 Nc2 38. Rb1 Ncxe1+ 39. Rfxe1 Nxe1+ 0-1

[Event "26. ChessOrg Schachfestival Sen."]
[Site "Bad Woerishofen"]
[Date "2010.03.13"]
[Round "8.20"]
[White "Rueggeberg, Wilhelm"]
[Black "Federer, Hans-Joachim"]
[Result "0-1"]
[WhiteElo "1947"]
[BlackElo "2024"]
[PlyCount "41"]
[EventDate "2010.??.??"]
[SourceDate "2010.03.06"]

1. d4 Nf6 2. c4 g6 3. Nc3 Bg7 4. e4 d6 5. Nf3 O-O 6. Be2 e5 7. O-O Nc6 8. Bg5
h6 9. Bh4 g5 10. Bg3 g4 11. Nh4 Nxd4 12. Nd5 Nxe4 13. Bxg4 f5 14. f3 Nxg3 15.
hxg3 fxg4 16. fxg4 Rxf1+ 17. Qxf1 Bxg4 18. Ng6 Qg5 19. Nde7+ Kh7 20. Qf7 Ne2+
21. Kh2 0-1

[Event "26. ChessOrg Schachfestival Sen."]
[Site "Bad Woerishofen"]
[Date "2010.03.13"]
[Round "8.4"]
[White "Schmid, Hartmut"]
[Black "Schirmer, Werner"]
[Result "1-0"]
[WhiteElo "2162"]
[BlackElo "2091"]
[PlyCount "63"]
[EventDate "2010.??.??"]
[SourceDate "2010.03.06"]

1. d4 Nf6 2. c4 g6 3. Nc3 Bg7 4. e4 d6 5. f4 O-O 6. Be2 c5 7. d5 b5 8. cxb5 a6
9. bxa6 Bxa6 10. Nh3 Nbd7 11. O-O Qb6 12. Bxa6 Rxa6 13. Qe2 c4+ 14. Kh1 Rc8 15.
Ng5 h6 16. Nf3 Qa5 17. Bd2 Rb6 18. Rab1 Rbb8 19. Nd4 Qa6 20. Nc6 Rxc6 21. dxc6
Qxc6 22. Rfc1 Rc8 23. b4 Qa8 24. a4 Nf8 25. a5 Ne6 26. Qe3 Ng4 27. Qf3 h5 28.
Nd5 Qa7 29. Nb6 Rc6 30. h3 Nd4 31. Qf1 Nb3 32. Rxb3 1-0